00317nam a2200133Ia 45000030006000000080041000060400015000471000020000622450045000822500010001272600017001375460012001540050017001660STCL150530s9999 xx 000 0 und d aSTCLcSTCL aSubhas Basu, K. aCommercial banks and agricultural credit aFirst bAlliedc1979 aEnglish20220125165531.0